| 000 | 01420pam a2200361 a 4500 | ||
|---|---|---|---|
| 001 | 108033 | ||
| 005 | 20230410101710.0 | ||
| 008 | 951019s1996 ctuaf b 001 0 eng | ||
| 035 | _9(DLC) 95046061 | ||
| 035 | _a2562515 | ||
| 010 | _a 95046061 | ||
| 020 | _a0313297185 (alk. paper) | ||
| 020 | _a9780313297182 | ||
| 040 |
_aDLC _cDLC _dDLC |
||
| 043 | _anwht--- | ||
| 050 | 1 | 4 |
_a110 ML 3197 _bF616d 1996 |
| 082 | 0 | 0 | _a781.7/96 |
| 100 | 1 | _aFleurant, Gerdès | |
| 245 | 1 | 0 |
_aDancing spirits : _brhythms and rituals of Haitian Vodun, the Rada rite / _cGerdès Fleurant. |
| 260 |
_aWestport, Connecticut. : _bGreenwood Press, _c1996. |
||
| 300 |
_axii, 209 p., [10] p. of plates : _bill. ; _c24 cm. |
||
| 440 | 0 |
_aContributions to the study of music and dance ; _vno. 42 |
|
| 504 | _aIncludes bibliographical references (p. [199]-203) and index. | ||
| 504 | _aDiscography: p. [205]-206. | ||
| 504 | _aFilmography: p. 206. | ||
| 505 | 0 | _aIntroduction --- Vodun as religious system and way of life --- The music of the Rada Rite --- Drums, drummers, and oungenikon in haitian Rada --- The music of the Rada battery --- The song texts in the ritual context --- Analysis of Song Tunes --- Dancing Spirits. | |
| 650 | 0 |
_aVoodoo music _zHaiti _xHistory and criticism. |
|
| 650 | 0 | _aRada (Voodoo rite) | |
| 650 | 4 | _aCEH | |
| 650 | 4 | _aColección Estudios Haitianos. | |
| 942 |
_2lcc _cbk |
||
| 946 | _aPP | ||
| 999 |
_c12304 _d12304 |
||